| 000 | 00745nam a2200217Ia 4500 | ||
|---|---|---|---|
| 003 | GCL | ||
| 008 | 140319s9999 xx 000 0 ara d | ||
| 020 | _a0133601977 | ||
| 040 |
_aGCL / _cGCL |
||
| 082 | 0 | 4 |
_a811.092 _bع د |
| 100 | 1 | _aعامر محمد بحيرى | |
| 245 | 1 | 0 |
_aديوان عامر : _bالجزء الثانى نلاحم ومسرحيات / _cعامر محمد بحيرى |
| 260 |
_aالقاهرة : _bالهيئة المصرية العامة للكتاب ، _c1987 |
||
| 300 |
_a426ص ؛ _c24سم |
||
| 650 | 0 | 4 | _aالشعر العربى |
| 650 | 0 | 4 | _aالعصر الحديث |
| 650 | 0 | 4 | _aدواوين وقصائد |
| 650 | 0 | 4 | _aالشعر المسرحى |
| 650 | 0 | 4 | _aالشعر التمثيلى |
| 942 |
_2ddc _cBK |
||
| 999 |
_c29156 _d29156 |
||